A TEXTBOOK OF PHYSICAL PHARMACEUTICS -II (SEM-IV) (Record no. 5903)

MARC details
000 -LEADER
fixed length control field 00476nam a22001817a 4500
005 - DATE AND TIME OF LATEST TRANSACTION
control field 20230116102856.0
008 - FIXED-LENGTH DATA ELEMENTS--GENERAL INFORMATION
fixed length control field 190530b xxu||||| |||| 00| 0 eng d
020 ## - INTERNATIONAL STANDARD BOOK NUMBER
ISBN 978-93-88293-57-0
041 ## - LANGUAGE CODE
Language code of text/sound track or separate title eng
082 ## - DEWEY DECIMAL CLASSIFICATION NUMBER
Classification number 610
Item number HAJ -T
100 ## - MAIN ENTRY--AUTHOR NAME
Personal name HAJARE, DR. ASHOK
245 ## - TITLE STATEMENT
Title A TEXTBOOK OF PHYSICAL PHARMACEUTICS -II (SEM-IV)
250 ## - EDITION STATEMENT
Edition statement 2nd, Ed, 2018
260 ## - PUBLICATION, DISTRIBUTION, ETC. (IMPRINT)
Place of publication PUNE
Name of publisher NIRALI PRAKASHAN
300 ## - PHYSICAL DESCRIPTION
Number of Pages 5.31p,
650 ## - SUBJECT ADDED ENTRY--TOPICAL TERM
Topical Term PHARMACY
General subdivision B.PHARMA
942 ## - ADDED ENTRY ELEMENTS (KOHA)
Koha item type Books
Holdings
Lost status Damaged status Collection code Home library Current library Shelving location Date acquired Source of acquisition Cost, normal purchase price Full call number Accession Number Koha item type
    Reference JRU Library JRU Library SHELF-4-C 30/05/2019 PURCHESS 160.00 610 22869 Books
    PHARMACY JRU Library JRU Library SHELF - 16 - H 30/05/2019 PURCHESS 160.00 610 22870 Books
    PHARMACY JRU Library JRU Library Shelf - 23- D 30/05/2019 PURCHESS 160.00 610 22871 Books